| 000 | 01200naa a2200253 c 4500 | ||
|---|---|---|---|
| 001 | 47559 | ||
| 003 | ES-MaCES | ||
| 005 | 20220207102325.0 | ||
| 008 | 160426s2016 sp ||||| t||||||| ||spa d | ||
| 040 |
_aES-MaCES _bspa _cES-MaCES _dES-MaCES |
||
| 100 | 1 |
_aCascante Hernández, Kattya _99211 |
|
| 245 | 1 | 3 |
_aLa cooperación española y los desafíos de la nueva Agenda Internacional para el desarrollo sostenible _b= The Spanish cooperation and the challenges of the New Internacional Agenda for sustainable development _cKattya Cascante |
| 500 | _aResumen | ||
| 650 | 4 |
_926635 _acooperación internacional |
|
| 650 | 4 |
_926634 _aayuda al desarrollo |
|
| 650 | 4 |
_926649 _aprograma de ayuda |
|
| 650 | 4 |
_930785 _adesarrollo sostenible |
|
| 650 | 4 |
_926687 _apolítica exterior |
|
| 650 | 4 |
_926964 _aEspaña |
|
| 653 | 1 | 0 | _aCooperación al desarrollo |
| 773 | 0 |
_983950 _dMadrid <Donoso Cortés, 65-6ª, 28015) Instituto Universitario de Desarrollo y Cooperación, Universidad Complutense 1997- _o086852 _tRevista española de desarrollo y cooperación _w(ES-MaCES)25673 _gn. 37 (invierno 2016) {10670 R. 086852} ;p. 147-155 |
|
| 902 | _aART Artículo de revista | ||
| 942 |
_2CES _cAR _h1.2. |
||
| 999 |
_c47559 _d47559 |
||